It looks like you're offline.
Open Library logo
additional options menu

MARC record from Internet Archive

LEADER: 00697cam a22002050 4500
001 826424
008 720808s1909 enk eng |
035 $a(Sirsi) AEW-4960
035 $a101780
035 $a(OCoLC)41114785
040 $aOTU$bENG
090 19 $aLPor.H P936p$bROBA$c1
100 10 $aPrestage, Edgar,$d1869-1951.
245 00 $aPortuguese literature to the end of the 18th century:$bbeing a lecture delivered at Manchester University on the 1st February, 1909.
260 0 $aLondon,$bSherratt,$c1909.
300 $a40 p.
596 $a52
650 0 $aPortuguese literature$xHistory and criticism
948 $a07/15/1992$b01/25/1993
926 $aDOWNSVIEW$bCHECKEDOUT$cLPor.H P936p$dBOOK$e5/4/2011$f1